Dunajská legenda Fermáta

Podrobná bibliografia
Hlavný autor: Krekovič, Slavomír (Autor)
Médium: Článok
Jazyk:slovenčina
Fyzický popis:Obr.
ISSN:1335-4140
Predmet:

MARC

LEADER 00000nab a2200000 a 4500
001 vtls000689244
003 SK-MaSNL
005 20260304083349.0
008 250425c1999 xo 0 slo
015 |a SNBRB1999/03-05199 
035 |a CLN000041411 
035 |a urn:nbn:sk:snk-ab22we 
035 |a (urnnbn)urn:nbn:sk:snk:ar-a01gvy 
035 |a (uuid)2b0e9ddb-4809-4503-8434-3131ef1491b1 
040 |a SNKBUCL  |b slo  |c SNKBUCL  |e AACR2 
041 0 |a slo 
044 |a xo  |c SK 
080 |a 78.071.2(048):784.66  |2 1997 
080 |a 784.66  |2 1997 
100 1 |a Krekovič, Slavomír  |4 aut  |9 12531 
245 1 0 |a Dunajská legenda Fermáta  |c Slavomír Krekovič 
300 |b Obr. 
610 2 7 |a Fermáta (hudobná skupina)  |2 snkbucl 
630 0 7 |a Dunajská legenda (nahrávka CD)  |2 snkbucl  |9 1373882 
650 0 7 |a nahrávky CD  |2 snkbucl  |9 19639 
655 7 |a recenzie  |2 snkbucl  |9 21907 
655 7 |a články z novín a časopisov  |2 snkbucl  |9 267496 
773 0 |t Hudobný život  |g Roč. 31, č. 3 (1999), s. 37  |x 1335-4140 
850 |a Slovenská národná knižnica 
852 |a Slovenská národná knižnica 
954 |a odborná, vedecká literatúra pôvodná (slovenská)  |2 lita 
958 |a article27 
958 |a OND 
958 |a EUIPO 
992 |a RBX 
999 |c 2800357  |d 2802287